000 00775nmm a2200301 a 4500
003 AR-BaBNM
005 20251128203323.0
008 227019s1943 ||||||||||||||000 | spa||
040 _cAR-BaBNM
100 1 _aOrtiz Echagüe, José
245 1 0 _aEspaña mística
_n3
250 _a1ª ed.
260 _aMadrid
_bMayfe
_c1943
300 0 _a248 p.
_bil.
650 4 _aSOCIOLOGIA CULTURAL
650 4 _aMISTICISMO
650 4 _aRELIGION
650 4 _aANTROPOLOGIA CULTURAL Y SOCIAL
650 4 _aCOSTUMBRES Y TRADICIONES
650 4 _aCRISTIANISMO
650 4 _aLIBROS DE ARTE
650 4 _aFIESTAS RELIGIOSAS
650 4 _aSOCIOLOGIA DE LA RELIGION
651 4 _aEspaña
700 1 _aHerrero-García, Miguel
_eprologuista
942 _cBK
998 _cMARTIN
999 _c2885
_d2885